000 00534nmm a2200181Ia 4500
008 251105s9999||||xx |||||||||||||||||und||
020 _a9788490640661
041 _aspa
100 _aCeligueta Comerma, Gemma
245 0 _aEtnografía para educadores
264 _a[Madrid, España] :
_bUniversitat Oberta de Catalunya,
_c2013
300 _a96 páginas
650 _aEducation
700 _aCeligueta Comerma, Gemma
700 1 _a Solé Blanch, Jordi
856 _uhttps://public.digitaliapublishing.com/a/29351
942 _cCF
999 _c63875
_d63875